HUMAN ANATOMY-UPPER LIMB & THORAX (Record no. 3975)
[ view plain ]
| 000 -LEADER | |
|---|---|
| fixed length control field | 00371nam a2200145Ia 4500 |
| 008 - FIXED-LENGTH DATA ELEMENTS--GENERAL INFORMATION | |
| fixed length control field | 150201s2005 xx 000 0 und d |
| 082 ## - DEWEY DECIMAL CLASSIFICATION NUMBER | |
| Classification number | 611 |
| Item number | H2005C |
| 100 ## - MAIN ENTRY--PERSONAL NAME | |
| Personal name | CHAURASIAS,B.D. |
| 245 ## - TITLE STATEMENT | |
| Title | HUMAN ANATOMY-UPPER LIMB & THORAX |
| 250 ## - EDITION STATEMENT | |
| Edition statement | 4TH |
| 260 ## - PUBLICATION, DISTRIBUTION, ETC. (IMPRINT) | |
| Name of publisher, distributor, etc. | C.B.S PUBLISHERS & DISTRIBUTERS |
| Place of publication, distribution, etc. | DEL;HI |
| Date of publication, distribution, etc. | 2005 |
| 300 ## - PHYSICAL DESCRIPTION | |
| Extent | 1-288 |
| 650 ## - SUBJECT ADDED ENTRY--TOPICAL TERM | |
| Topical term or geographic name as entry element | ANATOMY |
| 942 ## - ADDED ENTRY ELEMENTS (KOHA) | |
| Source of classification or shelving scheme | Dewey Decimal Classification |
| Koha item type | Books |
| Koha issues (borrowed), all copies | 8 |
| Withdrawn status | Lost status | Source of classification or shelving scheme | Damaged status | Not for loan | Home library | Current library | Date acquired | Source of acquisition | Cost, normal purchase price | Serial Enumeration / chronology | SGTU | Bill Number | Total Checkouts | Full call number | Barcode | Date last seen | Date last checked out | Bill Date | Koha item type |
|---|---|---|---|---|---|---|---|---|---|---|---|---|---|---|---|---|---|---|---|
| Dewey Decimal Classification | SGT Dental Library | SGT Dental Library | 18/02/2008 | U.B.S.DELHI | 275.00 | 1 | SGTU | 1023 | 7 | 611 H2005C | FD5044 | 05/03/2024 | 05/03/2024 | 14/01/2013 | Books | ||||
| Dewey Decimal Classification | SGT Dental Library | SGT Dental Library | 18/02/2008 | U.B.S.DELHI | 275.00 | 1 | SGTU | 1023 | 4 | 611 H2005C | FD5045 | 08/05/2023 | 20/04/2023 | 14/01/2013 | Books | ||||
| Dewey Decimal Classification | SGT Dental Library | SGT Dental Library | 18/02/2008 | U.B.S.DELHI | 275.00 | 1 | SGTU | 1023 | 611 H2005C | FD5046 | 09/02/2015 | 14/01/2013 | Books | ||||||
| Dewey Decimal Classification | SGT Dental Library | SGT Dental Library | 18/02/2008 | U.B.S.DELHI | 275.00 | 1 | SGTU | 1023 | 1 | 611 H2005C | FD5047 | 09/04/2018 | 26/03/2018 | 14/01/2013 | Books | ||||
| Dewey Decimal Classification | SGT Dental Library | SGT Dental Library | 18/02/2008 | U.B.S.DELHI | 275.00 | 1 | SGTU | 1023 | 7 | 611 H2005C | FD5048 | 28/09/2023 | 26/09/2023 | 14/01/2013 | Books | ||||
| Dewey Decimal Classification | SGT Dental Library | SGT Dental Library | 18/02/2008 | U.B.S.DELHI | 275.00 | 1 | SGTU | 1023 | 5 | 611 H2005C | FD5049 | 05/07/2021 | 09/04/2021 | 14/01/2013 | Books | ||||
| Dewey Decimal Classification | SGT Dental Library | SGT Dental Library | 18/02/2008 | U.B.S.DELHI | 275.00 | 1 | SGTU | 1023 | 1 | 611 H2005C | FD5050 | 21/09/2023 | 21/09/2023 | 14/01/2013 | Books | ||||
| Dewey Decimal Classification | SGT Dental Library | SGT Dental Library | 18/02/2008 | U.B.S.DELHI | 275.00 | 1 | SGTU | 1023 | 4 | 611 H2005C | FD5051 | 21/01/2020 | 08/01/2020 | 14/01/2013 | Books |